000
00369nam a2200133Ia 4500
008
191206s9999 xx 000 0 und d
020
_a
0631174729 (alk. pap
090
_a
DT83.G7513
245
0
_a
history of ancient Egypt
260
_a
Blackwell
260
_c
c1992
300
_a
"ix, 512 p. : ill., maps ; 24 cm."
999
_c
16165
_d
16165